000 01017nam a2200277 4500
003 OSt
005 20231121135852.0
008 231115s2018 it ad||f |||| 001 0 eng d
020 _a9789251305621
040 _erda
_cCHAP
082 0 0 _222
_a338.372
_bF21y 2018
245 0 3 _aThe state of world fisheries and aquaculture, 2018:
_bmeeting the sustainable development goals /
_cpor FAO
264 1 _aRoma :
_bFAO,
_c2018.
300 _a210 páginas:
_bIlustraciones, cuadros, gráficas, tablas
336 _2rdacontent
_atexto
_btxt
337 _2rdamedia
_asin medio
_bn
338 _2rdacarrier
_avolumen
_bnc
504 _aIncluye índice y biliografía
650 4 _9143730
_aPesca
_x Aspectos económicos
650 4 _9145064
_aIndustria pesquera
650 4 _9188278
_aRecursos pesqueros
_xAprovechamiento
650 4 _9188277
_aRecursos pesqueros
_xAspectos económicos
710 _9144278
_aOrganización de las Naciones Unidas para la Agricultura y la Alimentación (FAO)
942 _2ddc
942 _cLIBRO
999 _c219407
_d219407